Tulsian's Financial Management for CA-1PCC (Record no. 3324)

MARC details
005 - DATE AND TIME OF LATEST TRANSACTION
control field 20250606133631.0
020 ## - INTERNATIONAL STANDARD BOOK NUMBER
International Standard Book Number 81-219-3225-4
100 ## - MAIN ENTRY--PERSONAL NAME
Author name TULSIAN, P.C
245 ## - TITLE STATEMENT
Title Tulsian's Financial Management for CA-1PCC
250 ## - EDITION STATEMENT
Edition statement Revised Ed.
260 ## - PUBLICATION, DISTRIBUTION, ETC.
Place of publication, distribution, etc. New Delhi
Name of publisher, distributor, etc. S. CHAND & COMPANY PVT.LTD
Date of publication, distribution, etc. 2013
300 ## - PHYSICAL DESCRIPTION
Extent x
Other physical details graphs, tables
Dimensions 24 cm
942 ## - ADDED ENTRY ELEMENTS (KOHA)
Source of classification or shelving scheme Dewey Decimal Classification
Koha item type Books
Holdings
Date last seen Total checkouts Full call number Barcode Cost, replacement price Price effective from Koha item type Lost status Source of classification or shelving scheme Damaged status Not for loan Withdrawn status Home library Current library Shelving location Date acquired Source of acquisition Cost, normal purchase price
06/06/2025   658.15 TUL MBY00025 195000.00 06/06/2025 Books   Dewey Decimal Classification       CBE MBEYA CBE MBEYA Special Reserve Collection 06/06/2025 PURCHASE 65000.00